El feudalismo : un horizonte teórico /
Guardado en:
| Autor Principal: | |
|---|---|
| Otros Autores: | |
| Formato: | Libro |
| Publicado: |
Barcelona :
Grijalbo,
1984
|
| Series: | Crítica
|
| Materias: | |
| Etiquetas: |
Agregar Etiqueta
Sin Etiquetas, Sea el primero en etiquetar este registro!
|
| LEADER | 00916nam a22002295a 4500 | ||
|---|---|---|---|
| 001 | CEM.cems012979 | ||
| 005 | 20081010100540.0 | ||
| 008 | 130507s1984##################000#0#####d | ||
| 003 | CEMS | ||
| 020 | |a 8474232228 | ||
| 082 | 0 | 4 | |a 940.14 |
| 100 | 1 | |a Guerreau, Alain | |
| 245 | 1 | 0 | |a El feudalismo : |b un horizonte teórico / |c Alain Guerreau ; prólogo de Jacques Le Goff |
| 260 | |a Barcelona : |b Grijalbo, |c 1984 | ||
| 300 | |a 262 p. | ||
| 490 | 0 | |a Crítica | |
| 505 | 0 | |a Al-Muqaddima -- Feudalismo y filosofía de la historia del siglo XIX -- El feudalismo en el siglo XX -- Reflexiones sobre la actividad historiográfica en el siglo XX -- A propósito de algunos conceptos de las ciencias sociales -- Para una teoría del feudalismo | |
| 653 | |a Historia | ||
| 653 | |a Feudalismo | ||
| 653 | |a Historia medieval | ||
| 700 | 1 | |a Le Goff, Jacques, pról. | |
| 859 | |a CEMS |b BIB. CEMS - 11 de abril |h 940.14 |i G937 |p 25273.08 |t Ej.1 | ||
